| 000 | 00827nam0a22002651 4500 | ||
|---|---|---|---|
| 001 | rc\697036 | ||
| 005 | 20031121170404.5 | ||
| 035 | _a(NLR Aleph) 005933383 | ||
| 090 |
_a6602249 _c6602249 |
||
| 100 | _a20031121d1985 u |0rusy50 ca | ||
| 101 | 0 | _arus | |
| 102 | _aRU | ||
| 105 | _aa ||||||||| | ||
| 200 | 1 | _aАлкоголиз гидросиланов | |
| 210 |
_aРига _cБ. и. _d1985 |
||
| 215 |
_a40 с. _cил. _d20 |
||
| 225 | 1 |
_aПрепринт _fАН ЛатвССР, Ин-т орган. синтеза |
|
| 320 | _aБиблиогр.: с. 34-40 | ||
| 700 | 1 |
_aЛукевиц _bЭ. Я. _f1936- _gЭдмунд Янович |
|
| 701 | 1 |
_aДзинтара _bМ. А. _gМудите Арвидовна |
|
| 801 | 0 |
_aRU _bNLR _gpsbo |
|
| 801 | 1 |
_aRU _bELAR _2rusmarc |
|
| 852 |
_aNLR _j85-4/27225 |
||
| 942 | _cBOOK | ||
| 980 | _aNB | ||